000
00208 a2200097 4500
001
43
100
_a
245
_a
Calculus with analytic geometry
260
_a
USA
_b
Saunders College
_c
1985
090
_c
20
_d
20
942
_a
NUST-CAE
_c
M
_c
11113
999
_c
235116
_d
235116